• 首页
  • 本馆介绍
  • 公告通知
  • 最新文献
  • 馆藏检索
  • 电子资源
  • 读者导购
  • 参考咨询
  • 我的图书馆
  • 登录
  • 详细信息显示
  • 放入我的书架
  • 预约/预借图书
  • 作者相关作品
  • 分类相关作品
  • 丛书相关作品
  • 出版社相关作品

书目信息

  • 表格格式
  • 工作单格式
  • 卡片格式
题名:
国际物流与货运代理
    
 
作者: 顾永才 , 陈幼端 主编
分册:  
出版信息: 北京   首都经济贸易大学出版社  2007
页数: 358页
开本: 21cm
丛书名:
单 册:
中图分类: F252 , F511.41
科图分类:
主题词: 国际贸易--物流--高等教育--教材 , 国际贸易--货物运输--代理--高等教育--教材
电子资源:
ISBN: 978-7-5638-1420-6
000 00893nam0 2200265 450
001 1556958656
005 20150118155003.51
010    @a978-7-5638-1420-6@dCNY21.00
100    @a20070402d2007 em y0chiy50 ea
101 0  @achi
102    @aCN@b110000
105    @ay z 000yy
200 1  @a国际物流与货运代理@9guo ji wu liu yu huo yun dai li@f顾永才, 陈幼端主编
210    @a北京@c首都经济贸易大学出版社@d2007
215    @a358页@d21cm
300    @a高职高专物流专业系列教材
330    @a本书分为12章,分别阐述了国际物流系统,国际物流网络,国际货运代理概述,国际物流、货运代理与国际贸易等问题。
606 0  @a国际贸易@x物流@x高等教育@j教材
606 0  @a国际贸易@x货物运输@x代理@x高等教育@j教材
690    @aF252@v5
690    @aF511.41@v5
701  0 @a顾永才@9gu yong cai@4主编
701  0 @a陈幼端@9chen you duan@4主编
801  0 @aCN@bTSSF@c20150118
905    @aZUCC@dF252@eJY4
    
    国际物流与货运代理/顾永才, 陈幼端主编.-北京:首都经济贸易大学出版社,2007
    358页;21cm
    高职高专物流专业系列教材
    
    ISBN 978-7-5638-1420-6:CNY21.00
    本书分为12章,分别阐述了国际物流系统,国际物流网络,国际货运代理概述,国际物流、货运代理与国际贸易等问题。
●
相关链接 在E读中查询图书 在五车中查询图书 在当当中查询图书 在豆瓣中查询图书


正题名:国际物流与货运代理     索取号:F252/JY4         预约/预借

序号 登录号 条形码 馆藏地/架位号 状态 备注
1 7849095   278490955   学院路分馆/ [索取号:F252/JY4] 在馆    
唐山师范学院图书馆 欢迎您!
大连网信软件有限公司© 版权所有